UM Logo

International human resource management / (Record no. 5736)

MARC details
000 -LEADER
fixed length control field 02982cam a2200385 i 4500
001 - CONTROL NUMBER
control field 18045896
005 - DATE AND TIME OF LATEST TRANSACTION
control field 20161116153049.0
008 - FIXED-LENGTH DATA ELEMENTS--GENERAL INFORMATION
fixed length control field 140218t2015 caua b 001 0 eng d
010 ## - LIBRARY OF CONGRESS CONTROL NUMBER
LC control number 2014933555
020 ## - INTERNATIONAL STANDARD BOOK NUMBER
International Standard Book Number 978-1-4462-6731-8
035 ## - SYSTEM CONTROL NUMBER
System control number (OCoLC)ocn894929204
040 ## - CATALOGING SOURCE
Original cataloging agency YDXCP
Language of cataloging eng
Transcribing agency YDXCP
Description conventions rda
Modifying agency OCLCQ
-- NLGGC
-- OCL
-- UAB
-- OCLCQ
-- TULIB
-- DLC
042 ## - AUTHENTICATION CODE
Authentication code lccopycat
050 00 - LIBRARY OF CONGRESS CALL NUMBER
Classification number HF5549.5.E45
Item number I577 2015
082 04 - DEWEY DECIMAL CLASSIFICATION NUMBER
Classification number DC 658.3
Edition number 2015
Item number H26
100 ## - MAIN ENTRY--PERSONAL NAME
9 (RLIN) 17566
Personal name Harzing, Anne-Wil
245 00 - TITLE STATEMENT
Title International human resource management /
Statement of responsibility, etc. Anne-Wil Harzing and Ashly H. Pinnington.
250 ## - EDITION STATEMENT
Edition statement Fourth edition.
260 ## - PUBLICATION, DISTRIBUTION, ETC. (IMPRINT)
Place of publication, distribution, etc. Los Angeles:
Name of publisher, distributor, etc. SAGE Publications, Ltd.,
Date of publication, distribution, etc. c2015.
300 ## - PHYSICAL DESCRIPTION
Extent xxiii, 540 pages :
Other physical details illustrations ;
Dimensions 23 cm
504 ## - BIBLIOGRAPHY, ETC. NOTE
Bibliography, etc Includes bibliographical references and index.
505 0# - FORMATTED CONTENTS NOTE
Formatted contents note Part 1 Cultural, comparative and organizational perspectives on ihrm -- 1. Culture and Cross-Cultural Management / Laurence Romani -- 2. Comparative Human Resource Management / Chris Brewster, Wolfgang Mayrhofer -- 3. The Transfer of Employment Practices across Borders in Multinational Companies / Tony Edwards -- 4. Approaches to International Human Resource Management / Chris Rowley, Jean Qi Wei, Malcolm Warner -- Part 2 International assignment and employment practices -- 5. International Assignments / B. Sebastian Reiche, Anne-Wil Harzing -- 6. Multinational Companies and the Host Country Environment / Damian Grimshaw, Jill Rubery, Phil Almond -- 7. Regulation and Multinational Corporations: The Changing Context of Global Employment Relations / Miguel Martinez Lucio, Robert MacKenzie -- 8. Human Resource Management in Cross-Border Mergers and Acquisitions / Vladimir Pucik ... [et al.] -- Part 3 Ihrm policies and practices -- 9. Managing Knowledge in Multinational Firms / Ingmar Bjorkman ... [et al.] -- 10. Training and Development: Developing Global Leaders and Expatriates / Ashly H. Pinnington, Yaw A. Debrab, Christopher J. Rees -- 11. Global and Local Resourcing / Chris Rowley, Alan Nankervis, Malcolm Warner -- 12. Global Performance Management / Arup Varma, Pawan S. Budhwar -- 13. Total Rewards in the International Context / K. Galen Kroeck, Mary Ann Von Glinow -- 14. Equal Opportunity and Diversity Management in the Global Context / Fang Lee Cooke -- 15. Corporate Social Responsibility and Sustainability through Ethical HRM practices / Fang Lee Cooke.
650 #0 - SUBJECT ADDED ENTRY--TOPICAL TERM
Topical term or geographic name as entry element International business enterprises
General subdivision Personnel management.
650 #0 - SUBJECT ADDED ENTRY--TOPICAL TERM
Topical term or geographic name as entry element Personnel management.
650 #7 - SUBJECT ADDED ENTRY--TOPICAL TERM
Topical term or geographic name as entry element Personnel management
Source of heading or term fast
650 #7 - SUBJECT ADDED ENTRY--TOPICAL TERM
Topical term or geographic name as entry element International business enterprises
General subdivision Personnel management.
Source of heading or term fast
650 17 - SUBJECT ADDED ENTRY--TOPICAL TERM
Topical term or geographic name as entry element Personeelsmanagement.
Source of heading or term gtt
650 17 - SUBJECT ADDED ENTRY--TOPICAL TERM
Topical term or geographic name as entry element Internationalisatie.
Source of heading or term gtt
700 1# - ADDED ENTRY--PERSONAL NAME
Personal name Pinnington, Ashly,
365 ## - TRADE PRICE
Price amount 5,555.00
Currency code Php
906 ## - LOCAL DATA ELEMENT F, LDF (RLIN)
a 7
b cbc
c copycat
d 2
e ncip
f 20
g y-gencatlg
942 ## - ADDED ENTRY ELEMENTS (KOHA)
Source of classification or shelving scheme Dewey Decimal Classification
Koha item type Circulation
Holdings
Withdrawn status Lost status Source of classification or shelving scheme Damaged status Not for loan Collection code Home library Current library Shelving location Date acquired Source of acquisition Total Checkouts Full call number Barcode Date last seen Date last checked out Copy number Cost, replacement price Price effective from Koha item type
    Dewey Decimal Classification     Circulation UM Digos College - LIC UM Digos College - LIC Book Cart 10/27/2016 Purchased 1 DC 658.3 H26 2015 24562 12/06/2022 12/03/2022 1 5555.00 11/16/2016 Circulation